Hospitales de indios : y otras fundaciones civiles y religiosas en Nueva Galicia /
Gardado en:
| Autor Principal: | |
|---|---|
| Formato: | Libro |
| Idioma: | Lingua castelá |
| Publicado: |
Guadalajara, México :
Universidad de Guadalajara,
2004, c2004
|
| Temas: | |
| Etiquetas: |
Sen Etiquetas, Sexa o primeiro en etiquetar este rexistro!
|
MARC
| LEADER | 00000nam^a2200000^a^4500 | ||
|---|---|---|---|
| 001 | 000170986 | ||
| 005 | 20250521000000.0 | ||
| 009 | 20260310101327.938 | ||
| 020 | |a 970-27-0528-2 | ||
| 037 | |a Acervo ITESO - Biblioteca | ||
| 041 | |a ESP | ||
| 082 | |a 972. 303 |b ACE | ||
| 100 | |a Aceves Ortega, Raúl |e (autor) | ||
| 245 | 1 | 0 | |a Hospitales de indios : |b y otras fundaciones civiles y religiosas en Nueva Galicia / |c R. Aceves Ortega ; pról. de Raúl Aceves Lozano. |
| 264 | 4 | |a Guadalajara, México : |b Universidad de Guadalajara, |c 2004, c2004 | |
| 300 | |a 550 p. | ||
| 336 | |a texto |b txt |2 rdacontenido | ||
| 337 | |a sin mediación |b n |2 rdamedio | ||
| 338 | |a volumen |b nc |2 rdasoporte | ||
| 649 | |a XX | ||
| 650 | |a Indígenas de México - |z Jalisco - |x Historia - |y Epoca Colonial, 1517-1821 | ||
| 650 | |a Indígenas de México (Región Occidente) - |x Historia - |y Epoca Colonial, 1517-1821 | ||
| 650 | |a Indígenas de México - |x Historia - |y Epoca Colonial, 1517-1821 | ||
| 650 | |a Indígenas de México - |x Condiciones Sociales y Culturales | ||
| 650 | |a Hospitales - |z Jalisco - |x Historia - |y Epoca Colonial, 1517-1821 | ||
| 650 | |a Hospitales - |z México (Región Occidente) - |x Historia - |y Epoca Colonial, 1517-1821 | ||
| 650 | |a Hospitales - |z México - |x Historia - |y Epoca Colonial, 1517-1821 | ||
| 650 | |a Instituciones de Beneficencia - |z Jalisco - |x Historia - |y Epoca Colonial, 1517-1821 | ||
| 650 | |a Instituciones de Beneficencia - |z México (Región Occidente) - |x Historia - |y Epoca Colonial, 1517-1821 | ||
| 650 | |a Instituciones de Beneficencia - |z México - |x Historia - |y Epoca Colonial, 1517-1821 | ||
| 650 | |a Salud Pública - |z Jalisco - |x Historia - |y Epoca Colonial, 1517-1821 | ||
| 650 | |a Salud Pública - |z México (Región Occidente) - |x Historia - |y Epoca Colonial, 1517-1821 | ||
| 650 | |a Salud Pública - |z México - |x Historia - |y Epoca Colonial, 1517-1821 | ||
| 650 | |a Asistencia Social - |z Jalisco - |x Historia - |y Epoca Colonial, 1517-1821 | ||
| 650 | |a Asistencia Social - |z México (Región Occidente) - |x Historia - |y Epoca Colonial, 1517-1821 | ||
| 650 | |a Asistencia Social - |z México - |x Historia - |y Epoca Colonial, 1517-1821 | ||
| 650 | |a Evangelización - |z Jalisco - |x Historia - |y Epoca Colonial, 1517-1821 | ||
| 650 | |a Evangelización - |z México (Región Occidente) - |x Historia - |y Epoca Colonial, 1517-1821 | ||
| 650 | |a Evangelización - |z México - |x Historia - |y Epoca Colonial, 1517-1821 | ||
| 650 | |a Franciscanos en Jalisco - |x Historia - |y Epoca Colonial, 1517-1821 | ||
| 650 | |a Franciscanos en México (Región Occidente) - |x Historia - |x Epoca Colonial, 1517-1821 | ||
| 650 | |a Franciscanos en México - |x Historia - |y Epoca Colonial, 1517-1821 | ||
| 650 | |a Monasticismo y Ordenes Religiosas - |z Jalisco - |x Historia - |y Epoca Colonial, 1517-1821 | ||
| 650 | |a Monasticismo y Ordenes Religiosas - |z México (Región Occidente) - |x Historia - |y Epoca Colonial, 1517-1821 | ||
| 650 | |a Monasticismo y Ordenes Religiosas - |z México - |x Historia - |y Epoca Colonial, 1517-1821 | ||
| 650 | |a Conventos y Monasterios - |z Jalisco - |x Historia - |y Epoca Colonial, 1517-1821 | ||
| 650 | |a Conventos y Monasterios - |z México (Región Occidente) - |x Historia - |y Epoca Colonial, 1517-1821 | ||
| 650 | |a Conventos y Monasterios - |z México - |x Historia - |y Epoca Colonial, 1517-1821 | ||
| 650 | |a Medicina - |z Jalisco - |x Historia - |y Epoca Colonial, 1517-1821 | ||
| 650 | |a Medicina - |z México (Región Occidente) - |x Historia - |y Epoca Colonial, 1517-1821 | ||
| 650 | |a Medicina - |z México - |x Historia - |y Epoca Colonial, 1517-1821 | ||
| 650 | |a Jalisco - |x Historia - |y Epoca Colonial, 1517-1821 | ||
| 650 | |a México (Región Occidente) - |x Historia - |y Epoca Colonial, 1517-1821 | ||
| 650 | |a México - |x Historia - |y Epoca Colonial, 1517-1821 | ||
| 650 | |a Jalisco - |x Condiciones Sociales y Culturales | ||
| 650 | |a México (Región Occidente) - |x Condiciones Sociales y Culturales | ||
| 650 | |a México - |x Condiciones Sociales y Culturales | ||
| 910 | |a Fondo General | ||
| 920 | |a Impresos - Libros | ||
| 930 | |a Colección General | ||
| 905 | |a 101 | ||
| 901 | |a 0500108293 |b IT1 |c ACC |u 20250521 | ||
| 902 | |a https://opac.biblio.iteso.mx/vufind/Record/000170986 | ||